World Countries using the Dots-Only "Map" - Statistics

General Stats
  • This quiz has been taken 458 times
  • The average score is 152 of 196
Answers on the Map
Answers color-coded by a green-red scale on the quiz's map according to % correct below.
 
Answer Stats
capital % Correct
Canada
94%
United States
94%
Iceland
91%
Mexico
91%
Ireland
90%
United Kingdom
90%
Brazil
89%
France
88%
Portugal
87%
Spain
87%
Argentina
86%
Chile
86%
Finland
86%
Germany
86%
Norway
86%
Russia
86%
Sweden
86%
Colombia
85%
Cuba
85%
Panama
85%
Peru
85%
South Africa
85%
Australia
84%
Belgium
84%
Egypt
84%
Algeria
83%
Denmark
83%
Ecuador
83%
Greece
83%
Honduras
83%
India
83%
Morocco
83%
Netherlands
83%
Poland
83%
Belize
82%
China
82%
Dominica
82%
Haiti
82%
Iraq
82%
Japan
82%
Malta
82%
Paraguay
82%
Ukraine
82%
Bahamas
81%
Bolivia
81%
Costa Rica
81%
Dominican Republic
81%
El Salvador
81%
Guyana
81%
Indonesia
81%
Iran
81%
Italy
81%
Jamaica
81%
Latvia
81%
Libya
81%
Lithuania
81%
Madagascar
81%
New Zealand
81%
North Korea
81%
South Korea
81%
Turkey
81%
Uruguay
81%
Andorra
80%
Austria
80%
Estonia
80%
Guatemala
80%
Israel
80%
Kazakhstan
80%
Monaco
80%
Nicaragua
80%
Niger
80%
Suriname
80%
Tunisia
80%
Vatican City
80%
Afghanistan
79%
Mongolia
79%
Romania
79%
Albania
78%
Belarus
78%
Czechia
78%
Lesotho
78%
Luxembourg
78%
Malaysia
78%
Oman
78%
Saint Kitts and Nevis
78%
San Marino
78%
Saudi Arabia
78%
Serbia
78%
Slovakia
78%
Switzerland
78%
Thailand
78%
Venezuela
78%
Vietnam
78%
Yemen
78%
Cambodia
77%
Croatia
77%
Dem Rep Congo
77%
Ethiopia
77%
Mali
77%
Nigeria
77%
Philippines
77%
Republic of the Congo
77%
Saint Lucia
77%
Singapore
77%
Slovenia
77%
Sudan
77%
Bangladesh
76%
Bosnia and Herzegovina
76%
Bulgaria
76%
Chad
76%
Fiji
76%
Hungary
76%
Laos
76%
Liechtenstein
76%
Macedonia
76%
Namibia
76%
Nepal
76%
Pakistan
76%
South Sudan
76%
Syria
76%
United Arab Emirates
76%
Uzbekistan
76%
Zambia
76%
Angola
75%
Armenia
75%
Georgia
75%
Jordan
75%
Kuwait
75%
Moldova
75%
Qatar
75%
Somalia
75%
Sri Lanka
75%
Tajikistan
75%
Trinidad and Tobago
75%
Turkmenistan
75%
Zimbabwe
75%
Azerbaijan
74%
Guinea
74%
Kenya
74%
Kosovo
74%
Lebanon
74%
Montenegro
74%
Mozambique
74%
Papua New Guinea
74%
Antigua and Barbuda
73%
Bahrain
73%
Barbados
73%
Bhutan
73%
Cyprus
73%
Kyrgyzstan
73%
Liberia
73%
Maldives
73%
Mauritania
73%
Mauritius
73%
Myanmar
73%
Saint Vincent and the Grenadines
73%
Togo
73%
Central African Republic
72%
Eritrea
72%
Taiwan
72%
Benin
71%
Botswana
71%
Djibouti
71%
Ghana
71%
Grenada
71%
Palau
71%
Rwanda
71%
Seychelles
71%
Tanzania
71%
Timor-Leste
71%
Uganda
71%
Brunei
70%
Cameroon
70%
Comoros
70%
Equatorial Guinea
70%
Gambia
70%
Malawi
70%
Marshall Islands
70%
Senegal
70%
Burundi
69%
Côte d'Ivoire
69%
Guinea-Bissau
69%
Nauru
69%
Swaziland
69%
Burkina Faso
68%
Cabo Verde
68%
Solomon Islands
68%
Tonga
68%
Fed St Micronesia
67%
Samoa
67%
São Tomé and Principe
67%
Sierra Leone
67%
Kiribati
66%
Vanuatu
66%
Gabon
65%
Tuvalu
65%
No matching quizzes found
Score Distribution
Percent of People with Each Score
Percentile by Number Answered
Your Score History
You have not taken this quiz